000 00502nam a22002171c 4500
001 a987673235
008 140924s1964 gw |||| 000u ger d
041 _ager
100 1 _aBuchheit, Gert
245 0 0 _aLudwig Beck :
_bein preußischer General
264 _aMünchen :
_bList,
_c1964
300 _a387 S.
600 0 _aBeck, Ludwig
650 0 _aMilitär
650 0 _aPolitik
650 0 _aWiderstand
655 0 _aBiographie
942 _cMG
040 _cRU-10907106
003 RU-10907106
999 _c6032
_d6032